| 000 | 00963nas a2200301 4500 | ||
|---|---|---|---|
| 001 | BR7602109 | ||
| 003 | BR-BrBNA | ||
| 005 | 20231205082952.0 | ||
| 007 | ta | ||
| 008 | 230509b bl.|||p| |||| 00| 00por d | ||
| 040 |
_aBR-BrBNA _bpor _cBiblioteca Nacional de Agricultura |
||
| 041 | _a(Pt) | ||
| 072 | _aF60 | ||
| 100 | 1 | _aBaumgartner, J.G. | |
| 100 | 1 | _aHaag, H.P. | |
| 100 | 1 | _aOliveira, G.D. de | |
| 100 | 1 | _aPereira, D. | |
| 245 | 1 |
_aNutricao mineral de hortlicas, 28: Tolerancia de cultivares de tomateiro (Lycopersicon esculentum mill)ao aluminio e aomanganes _bParte de tese |
|
| 650 | _aNutricao vegetal | ||
| 650 | _aTomate | ||
| 650 | _aFertilizante | ||
| 650 | _aAluminio | ||
| 650 | _aManganes | ||
| 650 | _aVariedade resistente | ||
| 773 | 0 |
_tAnais da Escola Superior de Agricultura Luiz de Queiroz (Brazil) _xISSN 0071-1276 _g(1976), v. 33 p. 513-541 _wBR7602109 |
|
| 909 |
_a202311 _bLúcia _c55 _dLúcia Elande |
||
| 942 |
_2AGRIS _n0 _cANA |
||
| 999 |
_c95449 _d95449 |
||